| 000 | 00510nam a22001817a 4500 | ||
|---|---|---|---|
| 999 |
_c5950 _d5950 |
||
| 003 | AR-CdUCM | ||
| 008 | 190313b ||||| |||| 00| 0 spa d | ||
| 040 |
_aMUNICIPALIDAD PROVINCIAL DEL CUSCO _cBIBLIOTECA MUNICIPAL DEL CUSCO |
||
| 082 |
_a891 / _bB23 |
||
| 100 |
_aBaravelli, G. C. _917468 |
||
| 245 | _aPoesía y G. P. U. / | ||
| 260 |
_aRoma : _bSocieta Editrice di Novissima, |
||
| 300 |
_a69 páginas ; _c19 cm. |
||
| 505 | _aPoesía. | ||
| 650 |
_aPoesía. _9139 |
||
| 942 |
_2ddc _cLIBROS |
||
| 945 | _awfj | ||